000 01165nam a22002777a 4500
005 20170710110219.0
010 _a1516EN07 ENG-114743
020 _a9788121905480
_c295.00
035 _aEN-98275
035 _aB-612252-282
035 _aB-667961
037 _aDPL
_bTechniz
037 _bDBAD/PUB
082 _a581.5
100 _aShukla, R.S.
245 _aA textbook of plant ecology :
_cby R.S. Shukla [and] P.S. Chandel
_bincluding ethnobotany and soil science for B.Sc. II,B.Sc. III ,M.Sc. and competitive examinations /
250 _a12th rev. & enl. ed
260 _aNew Delhi
_bS. Chand
_c2015(repr.)
270 _a7361, Ram Nagar
_bNew Delhi
_e110055
300 _avii, 526p. :
_bill.
_c24cm(pbk)
500 _aIncludes index
700 _aChandel, P.S.
942 _2ddc
_cEN
_mSHU
_h581.5
999 _c95894
_d95894